[Event "21. ODFEM 2012"]
[Site "Gladenbach"]
[Date "2012.08.06"]
[Round "1"]
[White "Fuchs, Antje"]
[Black "Dr. Just, Anita"]
[Result "1-0"]
[WhiteElo "2122"]
[BlackElo "1994"]
[PlyCount "107"]
[EventDate "2012.08.06"]

1. d4 e6 2. e4 d5 3. Nc3 Bb4 4. e5 c5 5. a3 Bxc3+ 6. bxc3 Ne7 7. Nf3 Bd7 8. a4
Nbc6 9. Be2 Qc7 10. O-O O-O-O 11. Ba3 c4 12. a5 Rde8 13. Ng5 Nd8 14. Bc5 f6 15.
Nf3 Ndc6 16. Qc1 fxe5 17. dxe5 Nxe5 18. Bxa7 Nxf3+ 19. Bxf3 Bc6 20. Bb6 Qd6 21.
a6 bxa6 22. Rxa6 Bb7 23. Qa1 Qc6 24. Rb1 Bxa6 25. Qxa6+ Qb7 26. Qa4 Qc6 27. Rb5
Qb7 28. Bd4 Nf5 29. Rxb7 Kxb7 30. Qd7+ Kb8 31. Be5+ Ka8 32. Qc6+ Ka7 33. Bc7
Rb8 34. Bxb8+ Rxb8 35. Qa4+ Kb6 36. g3 Kc7 37. Qa7+ Rb7 38. Qc5+ Kd7 39. Bg4 g6
40. h4 Rb1+ 41. Kg2 Rb7 42. Bf3 Rc7 43. Qb5+ Ke7 44. Qb6 Kd7 45. Kh3 Rc6 46.
Qb7+ Rc7 47. Qb5+ Ke7 48. g4 Nd6 49. Qb8 Ne8 50. g5 Rd7 51. Bg4 Rd6 52. Qa7+
Rd7 53. Qd4 Kd6 54. Qb6+ 1-0

[Event "21. ODFEM 2012"]
[Site "Gladenbach"]
[Date "2012.08.06"]
[Round "1"]
[White "Beltz, Martina"]
[Black "Skibbe, Diana"]
[Result "0-1"]
[WhiteElo "2097"]
[BlackElo "2071"]
[PlyCount "116"]
[EventDate "2012.08.06"]

1. d4 f5 2. Nf3 Nf6 3. g3 d6 4. Bg2 g6 5. O-O Bg7 6. c4 O-O 7. Nc3 Qe8 8. d5 e5
9. dxe6 Qxe6 10. Ng5 Qe7 11. Nd5 Nxd5 12. Qxd5+ Kh8 13. Rd1 Nc6 14. Rb1 h6 15.
Nf3 Be6 16. Qd3 Rad8 17. b4 Ne5 18. Qc2 Nxc4 19. Nh4 Kh7 20. Bxb7 d5 21. Ba6
Ne5 22. Be3 Qd6 23. b5 Nc4 24. Bxa7 Na3 25. Qc1 Nxb1 26. Bc5 Qd7 27. Qxb1 Rg8
28. a4 Ra8 29. Qc2 Rgb8 30. Be3 Be5 31. Nf3 Bd6 32. Nd4 f4 33. gxf4 Bh3 34. f3
Qe7 35. Bc1 Re8 36. Bb7 Rad8 37. e3 Bc5 38. Kh1 Bxd4 39. Rxd4 c5 40. bxc6 Qh4
41. Qe2 Rd6 42. Bd2 Qf6 43. Qd3 Rde6 44. a5 Qh4 45. Qe2 Qf6 46. Qf2 Qf5 47. Kg1
Rxe3 48. Re4 R8xe4 49. Bxe3 Rc4 50. Qe2 Rc2 51. Bd2 Qf6 52. Qe3 Qa1+ 53. Be1
Qf6 54. a6 d4 55. Qe4 Rg2+ 56. Kh1 d3 57. Qe3 Re2 58. Qg1 Bg2+ 0-1

[Event "21. ODFEM 2012"]
[Site "Gladenbach"]
[Date "2012.08.06"]
[Round "1"]
[White "Hielscher, Ursula"]
[Black "Freter, Anke"]
[Result "1/2-1/2"]
[WhiteElo "1895"]
[BlackElo "1900"]
[PlyCount "174"]
[EventDate "2012.08.06"]

1. d4 Nf6 2. c4 g6 3. Nc3 d5 4. Bf4 Bg7 5. e3 O-O 6. Nf3 c5 7. Be2 dxc4 8. Bxc4
a6 9. O-O b5 10. Bd3 c4 11. Bc2 Nc6 12. Ne4 Nd5 13. Bg3 Bg4 14. h3 Bxf3 15.
Qxf3 Ndb4 16. Bb1 e5 17. a3 Nd5 18. Nc3 Nde7 19. d5 Na5 20. Bc2 f5 21. e4 Qd6
22. Rad1 Rad8 23. Bh4 Rd7 24. Bxe7 Rxe7 25. exf5 gxf5 26. Bxf5 Nb3 27. Qh5 Qh6
28. Qxh6 Bxh6 29. Bg4 Nd4 30. d6 Ree8 31. Nd5 Rd8 32. d7 Kf7 33. Rfe1 Bg7 34.
f4 Nc6 35. Nc7 exf4 36. Ne6 Bxb2 37. Nxd8+ Rxd8 38. Bf3 Ne5 39. Re2 Nxf3+ 40.
gxf3 Bxa3 41. Rc2 Bc5+ 42. Kf1 Ke7 43. Ra2 Rxd7 44. Rxd7+ Kxd7 45. Rxa6 c3 46.
Ke2 Bd6 47. Kd3 b4 48. Ra7+ Ke6 49. Rxh7 Be7 50. Rh5 Kf6 51. Rb5 Kg6 52. Kc2
Kf6 53. Rb7 Ke6 54. Rc7 Kd6 55. Rc4 Kd5 56. Rxf4 Bc5 57. h4 Bd4 58. Kb3 Bc5 59.
h5 Ke5 60. Rg4 Bf8 61. Rh4 Be7 62. Re4+ Kf6 63. h6 Bd6 64. Rc4 Bf8 65. Rf4+ Ke7
66. h7 Bg7 67. Rxb4 Kf7 68. Rb7+ Kg6 69. f4 Kxh7 70. Rb6 Bd4 71. Rc6 Kg7 72.
Kc2 Kf7 73. Kd3 Bf6 74. Ke4 Kg6 75. Rb6 Kf7 76. Kf5 Bd4 77. Rc6 Ke7 78. Kg6 Kd7
79. Rc4 Bh8 80. Kf7 Kd6 81. f5 Kd5 82. Rc8 Bd4 83. Kg6 Bc5 84. Rh8 c2 85. Rh1
Ba3 86. f6 c1=Q 87. Rxc1 Bxc1 1/2-1/2

[Event "21. ODFEM 2012"]
[Site "Gladenbach"]
[Date "2012.08.06"]
[Round "1"]
[White "Huppertz, Andrea"]
[Black "Noll, Sonja"]
[Result "0-1"]
[WhiteElo "1864"]
[BlackElo "1844"]
[PlyCount "148"]
[EventDate "2012.08.06"]

1. d4 Nc6 2. Nf3 e6 3. Bf4 d5 4. e3 Bd6 5. Ne5 Nge7 6. Nd2 f6 7. Nxc6 bxc6 8.
Bd3 c5 9. c3 cxd4 10. cxd4 c5 11. Bb5+ Kf7 12. dxc5 Bxc5 13. Qc2 Bb6 14. Rc1 e5
15. Bg3 Bf5 16. Qb3 Rb8 17. e4 Be6 18. Qa4 dxe4 19. Nxe4 Qd5 20. O-O Bd4 21.
Bc6 Nxc6 22. Qxc6 Qxc6 23. Rxc6 Rxb2 24. a4 Rhb8 25. Nc5 Bxc5 26. Rxc5 Rc8 27.
Ra5 Rc7 28. h3 Ra2 29. f4 exf4 30. Rxf4 Rc1+ 31. Rf1 Rxf1+ 32. Kxf1 Bc4+ 33.
Kg1 a6 34. Be1 Ke6 35. g4 Kd7 36. Bf2 Bb5 37. Rxb5 axb5 38. axb5 Rb2 39. b6 Kc6
40. Kg2 g6 41. Kf3 Kd5 42. h4 f5 43. gxf5 gxf5 44. Be3 Rb4 45. Bf2 Ke5 46. h5
Rb3+ 47. Ke2 f4 48. Kd2 Kd5 49. Kc2 Kc4 50. h6 Rf3 51. Bh4 Rb3 52. Bf2 Rh3 53.
Kd2 Kd5 54. Ke2 Kc6 55. Bd4 Rxh6 56. Kf3 Rd6 57. Be5 Rg6 58. Bc7 Rf6 59. Bxf4
Kxb6 60. Kg4 Rg6+ 61. Kh5 Kc6 62. Bc1 Kd5 63. Bd2 Ke4 64. Bc1 Kf5 65. Kh4 Rg4+
66. Kh3 h5 67. Be3 Ke4 68. Bf2 Kf3 69. Bb6 Rb4 70. Bc7 Rb1 71. Kh2 h4 72. Kh3
Rh1+ 73. Bh2 Kf2 74. Kxh4 Rxh2+ 0-1

[Event "21. ODFEM 2012"]
[Site "Gladenbach"]
[Date "2012.08.07"]
[Round "2"]
[White "Skibbe, Diana"]
[Black "Hielscher, Ursula"]
[Result "1-0"]
[WhiteElo "2071"]
[BlackElo "1895"]
[PlyCount "37"]
[EventDate "2012.08.06"]

1. e4 e6 2. d4 d5 3. Nc3 Bb4 4. e5 c5 5. a3 Bxc3+ 6. bxc3 Nc6 7. Qg4 g6 8. Nf3
Qa5 9. Bd2 Qa4 10. Bd3 c4 11. Be2 Qxc2 12. O-O Nge7 13. Rfc1 Qa4 14. Bg5 Bd7
15. Bf6 Rg8 16. Qg5 Nf5 17. g4 Ng7 18. Qh6 Kf8 19. Ng5 1-0

[Event "21. ODFEM 2012"]
[Site "Gladenbach"]
[Date "2012.08.07"]
[Round "2"]
[White "Dr. Just, Anita"]
[Black "Noll, Sonja"]
[Result "1-0"]
[WhiteElo "1994"]
[BlackElo "1844"]
[PlyCount "62"]
[EventDate "2012.08.06"]

1. e4 Nf6 2. Nc3 d6 3. d4 Nbd7 4. Nf3 g6 5. Bc4 Nb6 6. Bb3 Bg7 7. O-O Bg4 8. h3
Bxf3 9. Qxf3 O-O 10. e5 dxe5 11. dxe5 Nfd7 12. e6 Nc5 13. exf7+ Kh8 14. Bg5 Qd6
15. Rfe1 Bf6 16. Rad1 Qc6 17. Qxc6 bxc6 18. Bh6 Nxb3 19. Bxf8 Rxf8 20. axb3
Rxf7 21. Rd8+ Kg7 22. Ra1 e6 23. Rd3 Nd5 24. Rxa7 Nb4 25. Rd2 c5 26. Na4 Bg5
27. Re2 Rd7 28. g3 Bf6 29. c3 Nc6 30. Ra6 Ne5 31. Nxc5 Nf3+ 1-0

[Event "21. ODFEM 2012"]
[Site "Gladenbach"]
[Date "2012.08.07"]
[Round "2"]
[White "Freter, Anke"]
[Black "Huppertz, Andrea"]
[Result "1/2-1/2"]
[WhiteElo "1900"]
[BlackElo "1864"]
[PlyCount "118"]
[EventDate "2012.08.06"]

1. e4 c5 2. Nf3 d6 3. d4 cxd4 4. Nxd4 Nf6 5. Nc3 Nc6 6. Bc4 Na5 7. Bb5+ Bd7 8.
Qe2 a6 9. Bxd7+ Qxd7 10. O-O g6 11. Bg5 Bg7 12. Rad1 Nc6 13. Nxc6 Qxc6 14. e5
dxe5 15. Qxe5 O-O 16. Qxe7 Rfe8 17. Qd6 Rac8 18. Qxc6 Rxc6 19. Rfe1 b5 20. Bxf6
Rxe1+ 21. Rxe1 Bxf6 22. Nd5 Kg7 23. c3 a5 24. a3 Bd8 25. Kf1 Re6 26. Rxe6 fxe6
27. Ne3 Kf6 28. Ke2 h5 29. Kf3 Bc7 30. h3 g5 31. Nc2 Bd6 32. Ke4 h4 33. f3 Bf4
34. Nd4 Bc1 35. Nxb5 Bxb2 36. a4 Ke7 37. f4 Bc1 38. f5 Bf4 39. fxe6 Kxe6 40.
Nd4+ Kd6 41. Nf5+ Kc5 42. Nxh4 Kc4 43. Nf3 Bc1 44. Nd4 Bd2 45. Ne2 Kb3 46. Kd3
Be1 47. Nd4+ Kxa4 48. Kc4 Bf2 49. Nf5 Ka3 50. g3 a4 51. h4 gxh4 52. gxh4 Kb2
53. Kb4 a3 54. Nd6 a2 55. Nc4+ Kc1 56. Na5 Kc2 57. Nb3 Be1 58. Ka3 Kb1 59. c4
Bxh4 1/2-1/2

[Event "21. ODFEM 2012"]
[Site "Gladenbach"]
[Date "2012.08.08"]
[Round "3"]
[White "Hielscher, Ursula"]
[Black "Fuchs, Antje"]
[Result "0-1"]
[WhiteElo "2122"]
[BlackElo "1895"]
[PlyCount "42"]
[EventDate "2012.08.06"]

1. d4 Nf6 2. c4 g6 3. Nc3 Bg7 4. e4 d6 5. f3 O-O 6. Be3 c5 7. Nge2 cxd4 8. Nxd4
Nc6 9. Nxc6 bxc6 10. Qd2 Be6 11. Bh6 d5 12. Bxg7 Kxg7 13. cxd5 cxd5 14. exd5
Nxd5 15. Nxd5 Bxd5 16. Qc3+ Kg8 17. b3 Rc8 18. Bc4 Qb6 19. Rc1 Rc6 20. Rf1 Bxc4
21. bxc4 Re6+ 0-1

[Event "21. ODFEM 2012"]
[Site "Gladenbach"]
[Date "2012.08.08"]
[Round "3"]
[White "Huppertz, Andrea"]
[Black "Skibbe, Diana"]
[Result "0-1"]
[WhiteElo "1864"]
[BlackElo "2071"]
[PlyCount "66"]
[EventDate "2012.08.06"]

1. d4 f5 2. Bf4 Nf6 3. e3 g6 4. h4 h6 5. Nf3 d6 6. c4 Bg7 7. Nc3 c6 8. Be2 Be6
9. O-O O-O 10. Qc2 Nbd7 11. b4 Nh5 12. Bh2 Ndf6 13. Nd2 Bf7 14. c5 Ng4 15. Bxg4
fxg4 16. Nde4 d5 17. Ng3 Nf6 18. Rad1 e5 19. Nce2 Nd7 20. dxe5 Nxe5 21. e4 Qxh4
22. exd5 Bxd5 23. Ne4 g3 24. Bxg3 Qxe4 25. Qxe4 Bxe4 26. Nf4 Bf5 27. Rd6 Nf7
28. Nxg6 Nxd6 29. Ne7+ Kh7 30. cxd6 Bd7 31. Re1 Rf7 32. Re4 Raf8 33. Kf1 Rf6
0-1

[Event "21. ODFEM 2012"]
[Site "Gladenbach"]
[Date "2012.08.08"]
[Round "3"]
[White "Noll, Sonja"]
[Black "Freter, Anke"]
[Result "0-1"]
[WhiteElo "1844"]
[BlackElo "1900"]
[PlyCount "90"]
[EventDate "2012.08.06"]

1. f4 e5 2. Nf3 exf4 3. d4 g5 4. e4 g4 5. Ne5 Qh4+ 6. Kd2 Qf2+ 7. Qe2 Qxd4+ 8.
Nd3 Nf6 9. Ke1 Qxe4 10. Bxf4 Qxe2+ 11. Bxe2 d6 12. Nc3 Be6 13. Nb5 Na6 14. Nd4
h5 15. Rf1 Ne4 16. Nxe6 fxe6 17. c3 e5 18. Be3 Bh6 19. Bg1 Ke7 20. Nf2 Nac5 21.
Nxe4 Nxe4 22. Bc4 Rhf8 23. Rxf8 Rxf8 24. Bd5 Nd2 25. Rd1 Rf1+ 26. Ke2 Rxd1 27.
Kxd1 c6 28. Bg8 a6 29. Bf2 Ne4 30. Be1 Bg5 31. h4 gxh3 32. gxh3 d5 33. Bh7 Nf6
34. Bg6 Ke6 35. Bf2 h4 36. Ke2 e4 37. Bd4 Ng8 38. Bh5 Nh6 39. Bc5 Be7 40. Be3
Nf5 41. Bg4 c5 42. a3 Ke5 43. Bg1 d4 44. cxd4+ cxd4 45. Bxf5 d3+ 0-1

[Event "21. ODFEM 2012"]
[Site "Gladenbach"]
[Date "2012.08.08"]
[Round "3"]
[White "Beltz, Martina"]
[Black "Dr. Just, Anita"]
[Result "1/2-1/2"]
[WhiteElo "2097"]
[BlackElo "1994"]
[PlyCount "90"]
[EventDate "2012.08.06"]

1. d4 e6 2. Nf3 f5 3. g3 Nf6 4. Bg2 Be7 5. O-O O-O 6. b3 d6 7. Bb2 Qe8 8. Nbd2
a5 9. a4 Nc6 10. Re1 Ne4 11. c4 Nxd2 12. Qxd2 Nb4 13. e4 fxe4 14. Rxe4 Qh5 15.
Ne1 Bf6 16. f4 Bd7 17. Re2 Rab8 18. Nd3 Nxd3 19. Qxd3 b6 20. Rae1 Rbe8 21. h3
g5 22. g4 Qh6 23. f5 exf5 24. Rxe8 Rxe8 25. Rxe8+ Bxe8 26. Qxf5 Qg7 27. Bd5+
Kh8 28. Kg2 Qe7 29. Kf2 Bd7 30. Qf3 Be8 31. Be4 Qg7 32. Ke2 Qe7 33. Kd2 Bd7 34.
Bc3 Kg7 35. Qd3 h6 36. Qf3 Qf8 37. Bc2 Qe7 38. Qd3 Kh8 39. Qg6 Qg7 40. Qe4 Qe7
41. Qb7 Qd8 42. Qf3 Qe7 43. Qd5 Kg7 44. Qf3 Kh8 45. Bd3 Kg7 1/2-1/2

[Event "21. ODFEM 2012"]
[Site "Gladenbach"]
[Date "2012.08.09"]
[Round "4"]
[White "Skibbe, Diana"]
[Black "Noll, Sonja"]
[Result "1-0"]
[WhiteElo "2071"]
[BlackElo "1844"]
[PlyCount "79"]
[EventDate "2012.08.06"]

1. f4 c5 2. Nf3 d5 3. g3 b6 4. Bg2 Bb7 5. O-O d4 6. c3 dxc3 7. bxc3 e6 8. d3
Bd6 9. e4 Ne7 10. Na3 Nd7 11. Qe2 Rc8 12. Be3 O-O 13. Rfd1 a6 14. Nc4 Bb8 15.
a4 b5 16. axb5 axb5 17. Ncd2 Nb6 18. Rdb1 Qd7 19. Nb3 Na4 20. Rxa4 bxa4 21.
Nxc5 Rxc5 22. Bxc5 Ba6 23. c4 Rc8 24. Be3 Nc6 25. Bf1 Na5 26. Nd2 e5 27. f5 f6
28. Qf2 Bd6 29. Rb6 Ra8 30. Nb1 Nb3 31. Nc3 Bc7 32. Rb4 Ba5 33. Rxa4 Bxc3 34.
Ra3 Bb4 35. Rxb3 Bd6 36. Qb2 g6 37. fxg6 hxg6 38. Rb6 Qa7 39. Qf2 Qe7 40. c5
1-0

[Event "21. ODFEM 2012"]
[Site "Gladenbach"]
[Date "2012.08.09"]
[Round "4"]
[White "Fuchs, Antje"]
[Black "Huppertz, Andrea"]
[Result "1-0"]
[WhiteElo "2122"]
[BlackElo "1864"]
[PlyCount "69"]
[EventDate "2012.08.06"]

1. d4 d5 2. Nf3 Nf6 3. e3 Bg4 4. c4 c6 5. Nc3 Bxf3 6. Qxf3 e6 7. Bd3 Nbd7 8.
cxd5 Nxd5 9. O-O Qf6 10. Qe2 e5 11. Nxd5 cxd5 12. dxe5 Qxe5 13. Bd2 Bd6 14. g3
Qe6 15. Bc3 Be5 16. Bxe5 Nxe5 17. Bb5+ Ke7 18. e4 d4 19. f4 Nc6 20. f5 Qd6 21.
Bxc6 bxc6 22. e5 Qh6 23. f6+ Kf8 24. Rf4 Re8 25. Qc4 g5 26. Rxd4 Kg8 27. Rad1
Qf8 28. Qxc6 h5 29. Qc1 Qh6 30. Rd7 h4 31. g4 h3 32. e6 Rxe6 33. Qc8+ Kh7 34.
Rxf7+ Kg6 35. Qxe6 1-0

[Event "21. ODFEM 2012"]
[Site "Gladenbach"]
[Date "2012.08.09"]
[Round "4"]
[White "Dr. Just, Anita"]
[Black "Freter, Anke"]
[Result "0-1"]
[WhiteElo "1994"]
[BlackElo "1900"]
[PlyCount "126"]
[EventDate "2012.08.06"]

1. e4 c5 2. Nf3 Nc6 3. d4 cxd4 4. Nxd4 Nf6 5. Nc3 e5 6. Ndb5 d6 7. Bg5 a6 8.
Na3 b5 9. Bxf6 gxf6 10. Nd5 f5 11. c3 fxe4 12. Bxb5 axb5 13. Nxb5 Be6 14. Nbc7+
Kd7 15. Nxa8 Bxd5 16. Qxd5 Qxa8 17. Qxf7+ Ne7 18. O-O Qd5 19. Qh5 Qe6 20. Rfe1
Ng6 21. g3 Rg8 22. Kh1 Be7 23. a4 Kc7 24. a5 Qd5 25. Rad1 Qc6 26. Re3 d5 27. b4
Qe6 28. b5 Qf7 29. Re2 Qg7 30. Qh3 Qf7 31. Red2 Rd8 32. Qg4 Bc5 33. Qe2 Ne7 34.
c4 Bd4 35. c5 Qf3+ 36. Qxf3 exf3 37. Rxd4 exd4 38. Rxd4 Rb8 39. b6+ Kc6 40. Rd1
Kxc5 41. Kg1 Nc6 42. Ra1 Kb5 43. Rd1 d4 44. Rd3 Rf8 45. Kf1 Kc4 46. Ra3 d3 47.
Ke1 Nb4 48. Kd2 Re8 49. b7 Re2+ 50. Kd1 Na6 51. b8=Q Nxb8 52. a6 Nxa6 53. Rxa6
Rxf2 54. Rc6+ Kd4 55. Rd6+ Ke4 56. Re6+ Kf5 57. Rd6 Rxh2 58. Rxd3 Kg4 59. Rd7
Kxg3 60. Rg7+ Kf2 61. Kd2 Rg2 62. Rxh7 Kg1+ 63. Ke3 f2 0-1

[Event "21. ODFEM 2012"]
[Site "Gladenbach"]
[Date "2012.08.09"]
[Round "4"]
[White "Beltz, Martina"]
[Black "Hielscher, Ursula"]
[Result "1-0"]
[WhiteElo "2097"]
[BlackElo "1895"]
[PlyCount "65"]
[EventDate "2012.08.06"]

1. d4 Nf6 2. Nf3 g6 3. g3 Bg7 4. Bg2 d6 5. c4 O-O 6. Nc3 Nbd7 7. O-O c5 8. e4
cxd4 9. Nxd4 Ne5 10. b3 Bg4 11. f3 Bd7 12. Be3 Rc8 13. Qd2 Nc6 14. Nde2 a6 15.
Rac1 Ne5 16. h3 Bc6 17. Kh2 Qa5 18. Rfd1 b5 19. Nd5 Qd8 20. Bb6 Qe8 21. Nc7 Qd8
22. cxb5 Bxb5 23. Nd4 Rb8 24. Ba5 Qd7 25. Ncxb5 axb5 26. f4 Neg4+ 27. hxg4
Nxg4+ 28. Kh1 Qa7 29. Nc6 Nf2+ 30. Kg1 Nxe4+ 31. Nxa7 Nxd2 32. Rxd2 Bh6 33. Bc7
1-0

[Event "21. ODFEM 2012"]
[Site "Gladenbach"]
[Date "2012.08.10"]
[Round "5"]
[White "Freter, Anke"]
[Black "Skibbe, Diana"]
[Result "1-0"]
[WhiteElo "1900"]
[BlackElo "2071"]
[PlyCount "115"]
[EventDate "2012.08.06"]

1. e4 e5 2. Nf3 Nc6 3. Bb5 a6 4. Ba4 Bc5 5. O-O b5 6. Bb3 Nf6 7. c3 d6 8. d4
Bb6 9. dxe5 dxe5 10. Qxd8+ Nxd8 11. Nxe5 O-O 12. Bg5 Re8 13. Bxf6 gxf6 14. Nf3
Rxe4 15. Bd5 Bb7 16. Bxe4 Bxe4 17. Nbd2 Bd3 18. Rfe1 Ne6 19. Ne4 f5 20. Nf6+
Kg7 21. Nd5 Bc5 22. Rxe6 fxe6 23. Nxc7 Rc8 24. Nxe6+ Kf6 25. Nxc5 Rxc5 26. Nd4
b4 27. Rc1 Rc4 28. Nb3 Be4 29. f3 Bd5 30. cxb4 Rxb4 31. Rc3 a5 32. Nxa5 Rxb2
33. a3 Ra2 34. Nc6 f4 35. Nb4 Ra1+ 36. Kf2 Ke6 37. g3 fxg3+ 38. hxg3 Bb7 39.
Rc7 Bxf3 40. Kxf3 Rxa3+ 41. Kg2 h5 42. Rc6+ Kf5 43. Rc4 Kg5 44. Kh3 Ra4 45.
Rc5+ Kh6 46. Nd3 h4 47. g4 Rd4 48. Ne5 Rd1 49. Kxh4 Rh1+ 50. Kg3 Kg7 51. Kf4
Kf6 52. Rc6+ Kg7 53. Kg5 Ra1 54. Rc7+ Kg8 55. Kg6 Kf8 56. g5 Rb1 57. Rf7+ Kg8
58. Nd7 1-0

[Event "21. ODFEM 2012"]
[Site "Gladenbach"]
[Date "2012.08.10"]
[Round "5"]
[White "Noll, Sonja"]
[Black "Fuchs, Antje"]
[Result "0-1"]
[WhiteElo "2122"]
[BlackElo "1844"]
[PlyCount "62"]
[EventDate "2012.08.06"]

1. Nc3 e6 2. e4 d5 3. e5 c5 4. f4 Nc6 5. Nf3 Nge7 6. Nb5 Ng6 7. d4 a6 8. Nc3
cxd4 9. Nxd4 Ngxe5 10. Nxe6 Bxe6 11. fxe5 Nxe5 12. Bf4 Ng6 13. Be3 Be7 14. Qd2
O-O 15. O-O-O Qa5 16. Nxd5 Qxa2 17. Nxe7+ Nxe7 18. Qe1 Qa1+ 19. Kd2 Qxb2 20.
Rb1 Qe5 21. Bd3 Nf5 22. Bb6 Qf4+ 23. Kd1 Rfe8 24. Rb4 Qg5 25. Qe4 g6 26. g4 Bd5
27. h4 Rxe4 28. Rxe4 Nxh4 29. Be3 Qf6 30. Rf1 Qxf1+ 31. Bxf1 Bxe4 0-1

[Event "21. ODFEM 2012"]
[Site "Gladenbach"]
[Date "2012.08.10"]
[Round "5"]
[White "Hielscher, Ursula"]
[Black "Dr. Just, Anita"]
[Result "0-1"]
[WhiteElo "1895"]
[BlackElo "1994"]
[PlyCount "86"]
[EventDate "2012.08.06"]

1. d4 e6 2. c4 f5 3. Nc3 Nf6 4. Bg5 Bb4 5. Qc2 O-O 6. Nf3 d6 7. a3 Bxc3+ 8.
Qxc3 Nbd7 9. e3 Qe8 10. Bxf6 Nxf6 11. Bd3 b6 12. Nd2 e5 13. dxe5 dxe5 14. e4 c5
15. f3 f4 16. b4 Nd7 17. Nb3 Qg6 18. Ra2 Ba6 19. Rf1 Rac8 20. b5 Bb7 21. a4 Qh5
22. h3 Rfd8 23. a5 Nf6 24. Qc2 Rc7 25. Rf2 Rcd7 26. Rd2 Qh4+ 27. Kd1 Qg3 28.
axb6 axb6 29. Kc1 Qe1+ 30. Kb2 Qe3 31. Nc1 Nxe4 32. fxe4 Bxe4 33. Re2 Qd4+ 34.
Kb1 Bxd3 35. Nxd3 Qxd3 36. Qxd3 Rxd3 37. Ra6 Re3 38. Rc2 Rd6 39. Rca2 Re1+ 40.
Kb2 Re2+ 41. Kc3 Rxa2 42. Rxa2 Kf7 43. Ra7+ Kf6 0-1

[Event "21. ODFEM 2012"]
[Site "Gladenbach"]
[Date "2012.08.10"]
[Round "5"]
[White "Huppertz, Andrea"]
[Black "Beltz, Martina"]
[Result "0-1"]
[WhiteElo "2097"]
[BlackElo "1864"]
[PlyCount "87"]
[EventDate "2012.08.06"]

1. d4 d5 2. Bf4 e6 3. e3 c6 4. Nf3 f5 5. c4 Nf6 6. Ne5 Bb4+ 7. Ke2 O-O 8. f3
Nh5 9. h4 Nxf4+ 10. exf4 dxc4 11. Nxc4 b6 12. Ne5 Ba6+ 13. Kf2 Bxf1 14. Kxf1
Bc5 15. Qb3 Qxd4 16. Nd3 Na6 17. Qc3 Qd6 18. Nxc5 Nxc5 19. Qd2 Nd3 20. g3 Rad8
21. Ke2 Qc5 22. Qe3 Qb5 23. Nd2 Nxf4+ 24. Kf2 Qxb2 25. Rhd1 Nd3+ 26. Kg2 e5 27.
Kg1 f4 28. gxf4 Nxf4 29. Qb3+ Qxb3 30. axb3 a5 31. Nc4 Ne2+ 32. Kf2 Nd4 33.
Nxe5 Rf5 34. Re1 Rd5 35. Rad1 c5 36. Nc4 Rxf3+ 37. Kg2 Rxb3 38. Rf1 h5 39. Rde1
Rf5 40. Re8+ Kh7 41. Ne3 Rxf1 42. Kxf1 a4 43. Re7 a3 44. Ra7 0-1

[Event "21. ODFEM 2012"]
[Site "Gladenbach"]
[Date "2012.08.11"]
[Round "6"]
[White "Dr. Just, Anita"]
[Black "Skibbe, Diana"]
[Result "1/2-1/2"]
[WhiteElo "2071"]
[BlackElo "1994"]
[PlyCount "50"]
[EventDate "2012.08.06"]

1. e4 e5 2. Nf3 Nc6 3. Bc4 Bc5 4. O-O Nf6 5. Nc3 d6 6. d3 h6 7. h3 O-O 8. Be3
Bb6 9. Qd2 Bxe3 10. fxe3 Ne7 11. Nh4 c6 12. Qf2 d5 13. Bb3 Be6 14. Qg3 Nd7 15.
Nf5 Bxf5 16. exf5 f6 17. a3 Kh7 18. Kh1 Qe8 19. Qh4 Rd8 20. Ne2 g6 21. g4 g5
22. Qf2 Nc8 23. Ng3 b6 24. d4 Nd6 25. Rae1 e4 1/2-1/2

[Event "21. ODFEM 2012"]
[Site "Gladenbach"]
[Date "2012.08.11"]
[Round "6"]
[White "Fuchs, Antje"]
[Black "Freter, Anke"]
[Result "1/2-1/2"]
[WhiteElo "2122"]
[BlackElo "1900"]
[PlyCount "53"]
[EventDate "2012.08.06"]

1. e4 c5 2. Nc3 Nc6 3. g3 d6 4. Bg2 g6 5. f4 Bg7 6. Nf3 e6 7. d3 Nge7 8. O-O
O-O 9. Qe1 Nd4 10. Nxd4 cxd4 11. Ne2 Rb8 12. Kh1 d5 13. e5 Nc6 14. Bd2 f6 15.
exf6 Bxf6 16. g4 Bd7 17. Ng3 Ne7 18. Bb4 Rf7 19. f5 gxf5 20. gxf5 Nxf5 21. Nxf5
exf5 22. Qf2 Rc8 23. Bxd5 Bc6 24. Bxc6 Rxc6 25. Qxf5 Rxc2 26. Rf4 Qc7 27. Raf1
1/2-1/2

[Event "21. ODFEM 2012"]
[Site "Gladenbach"]
[Date "2012.08.11"]
[Round "6"]
[White "Hielscher, Ursula"]
[Black "Huppertz, Andrea"]
[Result "1-0"]
[WhiteElo "1895"]
[BlackElo "1864"]
[PlyCount "55"]
[EventDate "2012.08.06"]

1. d4 d5 2. c4 c6 3. cxd5 cxd5 4. Nc3 e6 5. Bf4 Bd6 6. Bxd6 Qxd6 7. e3 Nf6 8.
Nf3 O-O 9. Bd3 Nc6 10. a3 a6 11. O-O b5 12. Rc1 b4 13. Na4 Rb8 14. Nc5 Na5 15.
Ne5 bxa3 16. bxa3 Ne4 17. Bxe4 dxe4 18. Qa4 f6 19. Ned7 Bxd7 20. Nxd7 Nb3 21.
Rcd1 Rb5 22. Nxf8 Kxf8 23. Qc4 Qxa3 24. Qxe6 f5 25. d5 g6 26. d6 Nc5 27. Qf6+
Kg8 28. d7 1-0

[Event "21. ODFEM 2012"]
[Site "Gladenbach"]
[Date "2012.08.11"]
[Round "6"]
[White "Beltz, Martina"]
[Black "Noll, Sonja"]
[Result "1-0"]
[WhiteElo "2097"]
[BlackElo "1844"]
[PlyCount "111"]
[EventDate "2012.08.06"]

1. d4 b6 2. c4 Bb7 3. Nc3 e6 4. Nf3 Nf6 5. Bg5 Be7 6. e3 d6 7. Bd3 Nbd7 8. O-O
c6 9. Qe2 h6 10. Bh4 g5 11. Bg3 Nh5 12. Nd2 Ng7 13. f4 Qc7 14. e4 f6 15. Rac1
gxf4 16. Bxf4 e5 17. Be3 exd4 18. Bxd4 O-O-O 19. Qg4 Rdg8 20. Nd5 Qd8 21. Nxf6
h5 22. Qxd7+ Qxd7 23. Nxd7 Kxd7 24. Rf7 Ke6 25. Rxg7 Rxg7 26. Bxg7 Rg8 27. Bc3
d5 28. exd5+ cxd5 29. Re1+ Kd7 30. Bf5+ Kd8 31. Be6 Bc5+ 32. Kh1 Re8 33. Bf6+
Kc7 34. Nf3 Bb4 35. Bc3 Bxc3 36. bxc3 dxc4 37. Bxc4 Rf8 38. Re7+ Kb8 39. Be2 a5
40. h3 Rf5 41. Kh2 Rc5 42. c4 Ba6 43. Ne5 Kc8 44. Bxh5 b5 45. Bg4+ Kd8 46. Rd7+
Ke8 47. Bh5+ Kf8 48. Rd5 Rxd5 49. cxd5 b4 50. d6 a4 51. Bd1 b3 52. a3 Bb7 53.
Nc4 Bd5 54. Nb2 Be4 55. Nxa4 Bc2 56. Bg4 1-0

[Event "21. ODFEM 2012"]
[Site "Gladenbach"]
[Date "2012.08.12"]
[Round "7"]
[White "Skibbe, Diana"]
[Black "Fuchs, Antje"]
[Result "0-1"]
[WhiteElo "2122"]
[BlackElo "2071"]
[PlyCount "51"]
[EventDate "2012.08.06"]

1. f4 g6 2. Nf3 Bg7 3. g3 c5 4. Bg2 Nc6 5. d3 d6 6. O-O e6 7. e4 Nge7 8. Nc3
O-O 9. Be3 Nd4 10. Rb1 a5 11. Ne2 Nxf3+ 12. Rxf3 f5 13. Rf1 Qc7 14. Nc3 Bd7 15.
Qd2 Bc6 16. Rfe1 Rfe8 17. Qf2 b5 18. e5 dxe5 19. fxe5 b4 20. Ne2 Bxg2 21. Kxg2
Nc6 22. Bxc5 Nxe5 23. d4 Qc6+ 24. Kf1 Ng4 25. Qf4 Bh6 26. Qd6 0-1

[Event "21. ODFEM 2012"]
[Site "Gladenbach"]
[Date "2012.08.12"]
[Round "7"]
[White "Huppertz, Andrea"]
[Black "Dr. Just, Anita"]
[Result "0-1"]
[WhiteElo "1864"]
[BlackElo "1994"]
[PlyCount "62"]
[EventDate "2012.08.06"]

1. d4 e6 2. Bf4 f5 3. e3 Nf6 4. Nf3 b6 5. Nbd2 Bb7 6. h3 Be7 7. Bd3 O-O 8. Qe2
Nc6 9. c3 Nd5 10. Bh2 Qe8 11. O-O-O d6 12. g4 Na5 13. Rhg1 c5 14. gxf5 exf5 15.
Ng5 cxd4 16. Ne6 dxc3 17. Rxg7+ Kh8 18. Rxh7+ Kxh7 19. Nxf8+ Bxf8 20. Bxf5+ Kh8
21. Qg4 cxd2+ 22. Kxd2 Be7 23. Bg6 Qg8 24. Rg1 Nf6 25. Qh4+ Nh7 26. Qxe7 Rc8
27. Bxh7 Qd5+ 28. Bd3 Nc4+ 29. Ke1 Qa5+ 30. Kf1 Nd2+ 31. Ke2 Bf3+ 0-1

[Event "21. ODFEM 2012"]
[Site "Gladenbach"]
[Date "2012.08.12"]
[Round "7"]
[White "Freter, Anke"]
[Black "Beltz, Martina"]
[Result "0-1"]
[WhiteElo "1900"]
[BlackElo "2097"]
[PlyCount "104"]
[EventDate "2012.08.06"]

1. e4 c5 2. Nf3 e6 3. d4 cxd4 4. Nxd4 Nf6 5. Nc3 d6 6. g3 Be7 7. Bg2 a6 8. O-O
O-O 9. Qe2 Nbd7 10. Be3 Ne5 11. h3 Qc7 12. Rad1 Bd7 13. Bc1 Rac8 14. f4 Ng6 15.
g4 Rfd8 16. g5 Ne8 17. f5 Ne5 18. Qh5 g6 19. Qh4 Qc4 20. Nb3 b5 21. Bf4 b4 22.
Rd4 Qc7 23. Rxb4 Nc4 24. Nd1 a5 25. Rxc4 Qxc4 26. Ne3 Qa6 27. Kh2 Bf8 28. Rd1
e5 29. Bg3 Qe2 30. Re1 Qb5 31. Bf1 Qb7 32. Nxa5 Qxb2 33. Bc4 Rxc4 34. Naxc4
Qxa2 35. Nb6 Bc6 36. Rd1 Rb8 37. Nbc4 Rb4 38. Nd2 Rd4 39. Qg4 Qa8 40. fxg6 hxg6
41. c3 Rd3 42. Qe2 Rxc3 43. Ng4 Ng7 44. Nh6+ Kh7 45. Qf2 Be8 46. Ng4 Nh5 47.
Bh4 Qa3 48. Qf1 Nf4 49. Nf6+ Kh8 50. Nxe8 Rxh3+ 51. Kg1 Rxh4 52. Nc4 Qg3+ 0-1